|
|
|
|
| LEADER |
01201nam a22002777a 4500 |
| 001 |
31015 |
| 003 |
BD-DhAAL |
| 005 |
20160517123314.0 |
| 008 |
160517s2013 bg ||||| |||| 00| 0 eng d |
| 020 |
|
|
|a 9789848715123
|
| 040 |
|
|
|a BD-DhAAL
|d BD-DhAAL
|
| 082 |
|
|
|2 23
|a 891.4427
|
| 245 |
|
|
|a Patchwork pages /
|c edited by Kaiser Haq and Niaz Zaman, introduction by Christopher Merrill
|
| 260 |
|
|
|a Dhaka :
|b Writers. Ink :
|b Distributed by the University Press Ltd. :
|c 2013
|
| 300 |
|
|
|a xiv, 85 pages ;
|c 24 cm.
|
| 526 |
|
|
|a ENH
|
| 541 |
|
|
|e 31015, 31016
|
| 650 |
|
|
|2 Bengali poetry
|x Translations into English
|z Bangladesh
|9 19565
|
| 700 |
|
|
|a Haq, Kaiser
|9 19566
|
| 700 |
|
|
|a Zaman, Niaz
|9 19567
|
| 700 |
|
|
|a Merrill, Christopher
|9 19568
|
| 852 |
|
|
|a Ayesha Abed Library
|c General Stacks
|
| 942 |
|
|
|2 ddc
|c BK
|
| 999 |
|
|
|c 37562
|d 37562
|
| 952 |
|
|
|0 0
|1 0
|2 ddc
|4 0
|6 891_442700000000000_PAT
|7 0
|9 59020
|a BRACUL
|b BRACUL
|c GEN
|d 2016-05-17
|e Writers. Ink
|g 300.00
|l 0
|o 891.4427 PAT
|p 3010031015
|r 2016-05-17
|t 1
|w 2016-05-17
|y BK
|
| 952 |
|
|
|0 0
|1 0
|2 ddc
|4 0
|6 891_442700000000000_PAT
|7 0
|9 59021
|a BRACUL
|b BRACUL
|c GEN
|d 2016-05-17
|e Writers. Ink
|g 300.00
|l 4
|m 8
|o 891.4427 PAT
|p 3010031016
|r 2026-02-01
|s 2026-01-04
|t 2
|w 2016-05-17
|y BK
|